| 000 | 00952nam a2200253Ia 4500 | ||
|---|---|---|---|
| 003 | OSt | ||
| 005 | 20220923211159.0 | ||
| 006 | a|||||r|||| 00| 0 | ||
| 007 | ta | ||
| 008 | 220922b |||||||| |||| 00| 0 hin d | ||
| 020 |
_a8188134554 (hbk) _c300 |
||
| 024 | _a235,622 | ||
| 037 |
_b1505, 15/10/2007, Vidyanidhi Prakashan _cTextual |
||
| 040 |
_aARTS _cARTS _bhin |
||
| 041 |
_2hin _ahin |
||
| 082 | _aQ1:g, 152P6 | ||
| 100 |
_aशास्त्री, दिनेशचन्द्र _9159227 |
||
| 245 | 0 |
_aवेद मीमांसा _b एक परिशीलन |
|
| 246 | _aVed mīmāansā: ek parishīlana | ||
| 260 |
_aनई दिल्ली _b सत्यम् पब्लिशिंग हाउस _c2006 |
||
| 300 |
_a143पृ. _ccm. |
||
| 942 |
_hQ1:g, 152P6 _cTEXL _2CC |
||
| 999 |
_c296428 _d296428 |
||